Η τουριστική ανάπτυξη της Χίου μέσω της Μαστίχας : πτυχιακή διατριβή

Αποθηκεύτηκε σε:
Λεπτομέρειες βιβλιογραφικής εγγραφής
Κύριος συγγραφέας: Συριάνη, Ισιδώρα
Συγγραφή απο Οργανισμό/Αρχή: Πανεπιστήμιο Αιγαίου. Σχολή Επιστημών της Διοίκησης. Τμήμα Διοίκησης Επιχειρήσεων. Πρόγραμμα Μεταπτυχιακών Σπουδών "Σχεδιασμός, Διοίκηση και Πολιτική του Τουρισμού"
Άλλοι συγγραφείς: Παρπαΐρης, Απόστολος (Εισηγητής διατριβής)
Μορφή: Thesis Βιβλίο
Γλώσσα:Greek
Δημοσίευση: 2008
Θέματα:
Διαθέσιμο Online:http://hdl.handle.net/11610/25080
Ετικέτες: Προσθήκη ετικέτας
Δεν υπάρχουν, Καταχωρήστε ετικέτα πρώτοι!

MARC

LEADER 00000cam a2200000 i 4500
001 1/87355
008 080602s2008 gre d
035 |l 10097854 
040 |a GR-MY-UA  |b gre  |e aacr 
041 0 |a gre 
082 0 |a 338.47910949582  |2 (22) 
100 1 |a Συριάνη, Ισιδώρα. 
245 1 2 |a Η τουριστική ανάπτυξη της Χίου μέσω της Μαστίχας :  |b πτυχιακή διατριβή /  |c Συριάνη Ισιδώρα ; επιβλέπων καθηγητής Παρπαϊρης Απόστολος 
260 |c 2008 
300 |a 81 σ.;  |b έγχρ. εικ., διαγρ., πίν.;  |c 30 εκ. 
502 |a Διατριβή (μεταπτυχιακή) – Πανεπιστήμιο Αιγαίου, Χίος, 2008. 
504 |a Περιλαμβάνει βιβλιογραφία 
610 2 0 |a Πανεπιστήμιο Αιγαίου. 
650 0 0 |a Gums and resins  |z Greece  |z Chios (Municipality) 
650 0 0 |a Mastic industry  |z Greece  |z Chios (Municipality) 
650 0 0 |a Dissertations, Academic  |z Greece. 
650 0 0 |a Tourism  |z Greece  |z Chios (Municipality) 
651 0 |a Chios (Greece : Municipality)  |x Economic conditions. 
700 1 |a Παρπαΐρης, Απόστολος.  |4 ths 
710 2 |a Πανεπιστήμιο Αιγαίου.   |b Σχολή Επιστημών της Διοίκησης.   |b Τμήμα Διοίκησης Επιχειρήσεων.   |b Πρόγραμμα Μεταπτυχιακών Σπουδών "Σχεδιασμός, Διοίκηση και Πολιτική του Τουρισμού". 
852 |a INST  |b CHIOS  |c DIATR  |e 20080602  |h 338.47910949582 ΣΥΡ  |p 005200028477  |q 005200028477  |t MTXE  |y 23 
852 |a INST  |b CHIOS  |c DIATR  |e 20080602  |h 338.47910949582 ΣΥΡ  |p 005200028478  |q 005200028478  |t MTXE  |y 23 
856 |u http://hdl.handle.net/11610/25080 
901 |a BIBL2-2008-2 
909 |a Χ  |b 146488 
909 |a Χ  |b 146489 
924 |a ΣΥΡΙΑΝΗ  |b ΙΣΙΔΩΡΑ  |y ΧΙΟΣ  |z 2008-04 
970 |a ΒΑΣΙΛΑΚΗ  |b ΝΙΚΗ  |z 2008/06/02